000 00378cam a22001097a 4500
008 180718b1970 xxu||||| |||| 00| 0 eng d
082 _aL8 Un3g/1970
245 _aA manual for government accounting
_cby Department of Economic and Social Affairs, U.S.A.
260 _aNew York
_bUnited Nations
_c1970
300 _a156+p.
700 _aU.S.A. Department of Economic and Social Affairs
999 _c500620
_d500620